Molecular neuropharmacology : (Record no. 29266)

MARC details
000 -LEADER
fixed length control field 02565cam a22004098i 4500
001 - CONTROL NUMBER
control field 21297496
003 - CONTROL NUMBER IDENTIFIER
control field EG-ScBUE
005 - DATE AND TIME OF LATEST TRANSACTION
control field 20210727143652.0
008 - FIXED-LENGTH DATA ELEMENTS--GENERAL INFORMATION
fixed length control field 191108t2020 nyuo f b 001 0 eng d
020 ## - INTERNATIONAL STANDARD BOOK NUMBER
International Standard Book Number 9781260469042
020 ## - INTERNATIONAL STANDARD BOOK NUMBER
Cancelled/invalid ISBN 1260469042
040 ## - CATALOGING SOURCE
Original cataloging agency DNLM/DLC
Language of cataloging eng
Description conventions rda
Transcribing agency DNLM
Modifying agency EG-ScBUE
082 04 - DEWEY DECIMAL CLASSIFICATION NUMBER
Classification number 615.78
Item number NES
Edition number 22
100 1# - MAIN ENTRY--PERSONAL NAME
Personal name Nestler, Eric J.
Fuller form of name (Eric Jonathan),
Dates associated with a name 1954-
Relator term author.
245 10 - TITLE STATEMENT
Title Molecular neuropharmacology :
Remainder of title a foundation for clinical neuroscience /
Statement of responsibility, etc Eric J. Nestler, nash family professor of neuroscience, director, Friedman Brain Institute, Dean for Academic and Scientific Affairs, Ichan School of Medicine at Mount Sinai, New York [and three others]
250 ## - EDITION STATEMENT
Edition statement Fourth edition.
264 #1 - PUBLICATION, DISTRIBUTION, ETC. (IMPRINT)
Place of publication, distribution, etc New York :
Name of publisher, distributor, etc McGraw Hill,
Date of publication, distribution, etc [2020]
264 #4 - PUBLICATION, DISTRIBUTION, ETC. (IMPRINT)
Date of publication, distribution, etc c2020
300 ## - PHYSICAL DESCRIPTION
Extent xvii, 583 pages :
Other physical details photographs ;
Dimensions 28 cm
336 ## - CONTENT TYPE
Content type term text
Content type code txt
Source rdacontent
337 ## - MEDIA TYPE
Media type term unmediated
Media type code n
Source rdamedia
338 ## - CARRIER TYPE
Carrier type term volume
Carrier type code nc
Source rdacarrier
504 ## - BIBLIOGRAPHY, ETC. NOTE
Bibliography, etc Includes bibliographical references and index.
505 0# - FORMATTED CONTENTS NOTE
Formatted contents note Basic Principles of Neuropharmacology -- Cellular Basis of Communication -- Synaptic Transmission -- Signal Transduction in the Brain -- Excitatory and Inhibitory Amino Acids -- Widely Projecting Systems : Monoamines, Acetylcholine, and Orexin -- Neuropeptides -- Atypical Neurotransmitters -- Autonomic Nervous System -- Neural and Neuroendocrine Control of the Internal Milieu -- Pain -- Neuroinflammation -- Sleep and Arousal -- Higher Cognitive Function and Behavioral Control -- Mood and Emotion -- Reinforcement and Addiction -- Schizophrenia and Bipolar Disorder -- Neurodegeneration -- Seizure Disorders -- Stroke and Migraine.
520 ## - SUMMARY, ETC.
Summary, etc "The book's structure permits the incorporation of a great deal of clinical information, much of it representing the integration of modern molecular genetics and brain imaging with neuropharmacology"--
Assigning source Provided by publisher.
650 #7 - SUBJECT ADDED ENTRY--TOPICAL TERM
Topical term or geographic name as entry element Central Nervous System Agents
General subdivision pharmacology.
Source of heading or term BUEsh
650 #7 - SUBJECT ADDED ENTRY--TOPICAL TERM
Topical term or geographic name as entry element Central Nervous System
General subdivision drug effects.
Source of heading or term BUEsh
650 #7 - SUBJECT ADDED ENTRY--TOPICAL TERM
Topical term or geographic name as entry element Central Nervous System
General subdivision physiology.
Source of heading or term BUEsh
650 #7 - SUBJECT ADDED ENTRY--TOPICAL TERM
Topical term or geographic name as entry element Central Nervous System Diseases
General subdivision drug therapy.
Source of heading or term BUEsh
653 ## - INDEX TERM--UNCONTROLLED
Resource For college Generalities
Arrived date list July2021
655 ## - INDEX TERM--GENRE/FORM
Form subdivision Reading book
9 (RLIN) 34232
776 08 - ADDITIONAL PHYSICAL FORM ENTRY
Display text Online version:
Main entry heading Nestler, Eric J. (Eric Jonathan), 1954-
Title Molecular neuropharmacology
Edition Fourth edition.
Place, publisher, and date of publication New York : McGraw Hill, [2020]
International Standard Book Number 9781260456912
Record control number (DLC) 2019051438
906 ## - LOCAL DATA ELEMENT F, LDF (RLIN)
a 7
b cbc
c orignew
d 1
e ecip
f 20
g y-gencatlg
942 ## - ADDED ENTRY ELEMENTS (KOHA)
Source of classification or shelving scheme Dewey Decimal Classification
Koha item type Book - Borrowing
Holdings
Withdrawn status Lost status Source of classification or shelving scheme Damaged status Not for loan Collection code Home library Current library Shelving location Date acquired Source of acquisition Cost, normal purchase price Total Checkouts Full call number Barcode Date last seen Date checked out Cost, replacement price Price effective from Koha item type
    Dewey Decimal Classification     Alahram Central Library Central Library First floor 27/07/2021 Purchase 1199.00 1 615.78 NES 000050433 15/07/2025 22/10/2024 1498.75 27/07/2021 Book - Borrowing